Que viva Mexico Κε βίβα Mexico

Δραματοποιημένο ντοκιμαντέρ γύρω από τις λαϊκές παραδόσεις και τους εθνικούς αγώνες του Μεξικού, που ο Αϊζενστάιν δεν κατάφερε να ολοκληρώσει.

Αποθηκεύτηκε σε:
Λεπτομέρειες βιβλιογραφικής εγγραφής
Άλλοι συγγραφείς: Eisenstein, Sergei, 1898-1948 (Διευθυντής)
Μορφή: Διαφάνειες
Γλώσσα:Russian
Greek
Δημοσίευση: [Χ.τ. : χ. ό.], 1979.
Θέματα:
Ετικέτες: Προσθήκη ετικέτας
Δεν υπάρχουν, Καταχωρήστε ετικέτα πρώτοι!

MARC

LEADER 00000cgm a2200000 a 4500
001 1/120779
008 200131s1979####xx ||| | || ||rus||
040 |a GR-MyUa  |b gre  |c GR-MyUa  |e AACR2 
041 0 |a rus  |j gre 
082 7 |a 791.437   |2 (23) 
245 0 0 |a Que viva Mexico   |h [μαγνητοσκόπηση] =   |b Κε βίβα Mexico /   |c σκηνοθεσία: Σεργκέι Αϊζενστάιν. 
246 1 |i Παράλληλος τίτλος:   |a Κε βίβα Mexico 
260 |a [Χ.τ. :   |b χ. ό.],   |c 1979. 
300 |a 1 βιντεοκασέτα (85 λεπτά) :   |b ομίλ., ασπρόμ. ;   |c 1/2 ίν. 
500 |a Από το υλικό που γύρισε ο Αϊζενστάιν το 1931. 
508 |a Μοντάζ-επιπρόσθετες σκηνές, Γκριγκόρι Αλεξαντρώφ ; φωτογραφία, Έντουαρτ Τισσέ. 
520 8 |a Δραματοποιημένο ντοκιμαντέρ γύρω από τις λαϊκές παραδόσεις και τους εθνικούς αγώνες του Μεξικού, που ο Αϊζενστάιν δεν κατάφερε να ολοκληρώσει. 
651 0 |a Mexico  |x History  |v Drama. 
655 7 |a Feature films  |2 lcgft 
700 1 |a Eisenstein, Sergei,   |d 1898-1948,  |e drt 
852 |a INST  |b SYROS  |c AV  |e 20200131  |h 791.437 EIS  |p 005500013865  |q 005500013865  |t VC  |y 23 
920 |a Κοντού  |b Δέσποινα  |y Σύρος 
970 |a Κοντού  |b Παρασκευή  |z 31/01/2020